000 00543nam a2200193Ia 4500
005 20250423095112.0
008 250422s9999 xx 000 0 und d
020 _a9780123971616
050 _aTN 870.57 .Z48/
100 _aZhuang, HuiNong
245 0 _aDynamic well testing in petroleum exploration and development
250 _a1st ed.
260 _aNew York
260 _bElsevier
260 _c2013
300 _a719 p
650 _aOil wells--Testing. Oil reservoir engineering. Oil wells--Testing--Case studies.
942 _cBK
999 _c29245
_d29245